Adrián : hispánico /

Zapisane w:
Opis bibliograficzny
1. autor: Morales Rodríguez, Adrián (autor)
Kolejni autorzy: Borràs, María Lluïsa (entrevista) (entrevista)
Format: Książka
Język:hiszpański
Hasła przedmiotowe:
Etykiety: Dodaj etykietę
Nie ma etykietki, Dołącz pierwszą etykiete!

MARC

LEADER 00000nam^a2200000^a^4500
001 000146412
005 20250521000000.0
009 20260310095911.541
037 |a Acervo ITESO - Biblioteca 
041 |a ESP 
082 |a 709. 7291  |b MOR 
100 |a Morales Rodríguez, Adrián  |e (autor) 
245 1 0 |a Adrián :  |b hispánico /  |c A. Morales Rodríguez ; entrevistado por M.L. Borràs. 
264 |a Barcelona, España:  |b Galería Joan Prats,  |c 2001 
300 |a 1 v. (sin paginación) 
336 |a texto  |b txt  |2 rdacontenido 
337 |a sin mediación  |b n  |2 rdamedio 
338 |a volumen  |b nc  |2 rdasoporte 
649 |a XX 
650 |a Pintores Cubanos 
650 |a Músicos Cubanos 
650 |a Artistas Cubanos 
650 |a Instalaciones (Arte) -  |z Cuba 
650 |a Performances y Happenings -  |z Cuba 
650 |a Pintura Cubana -  |x Catálogos 
650 |a Pintura Cubana -  |y Siglo XXI 
650 |a Arte Cubano -  |y Siglo XXI 
650 |a Morales Rodríguez, Adrián 
700 |a Borràs, María Lluïsa  |e (entrevista) 
910 |a Fondo General 
920 |a Impresos - Libros 
930 |a Reserva Especial 
905 |a 103 
901 |a 0500076042  |b IT1  |c REE  |u 20250521 
902 |a https://opac.biblio.iteso.mx/vufind/Record/000146412